Význam a využitie CVP analýzy v poľnohospodárskych podnikoch
Dosahovanie ekonomickej efektívnosti v rastlinnej výrobe je dôležitým ukazovateľom konkurencieschopnosti poľnohospodárskych podnikov a ukazovateľom stabilnej pozície na trhu poľnohospodárskych produktov. Ekonomická efektívnosť môže byť posudzovaná cez ukazovateľ zisku, ktorý sleduje fixnú a variabil...
Salvato in:
| Autore principale: | |
|---|---|
| Natura: | Capitolo di libro |
| Lingua: | slovacco |
| Soggetti: | |
| Tags: |
Nessun Tag, puoi essere il primo ad aggiungerne!!
|
MARC
| LEADER | 00000naa a2200000 4500 | ||
|---|---|---|---|
| 001 | 0249420 | ||
| 005 | 20221019095140.4 | ||
| 041 | 0 | |a slo | |
| 044 | |a SK | ||
| 245 | 1 | 0 | |a Význam a využitie CVP analýzy v poľnohospodárskych podnikoch |c Katarína Teplická |
| 520 | |a Dosahovanie ekonomickej efektívnosti v rastlinnej výrobe je dôležitým ukazovateľom konkurencieschopnosti poľnohospodárskych podnikov a ukazovateľom stabilnej pozície na trhu poľnohospodárskych produktov. Ekonomická efektívnosť môže byť posudzovaná cez ukazovateľ zisku, ktorý sleduje fixnú a variabilnú zložku nákladov na objem pestovaných plodín. Možnosti aplikácie CVP analýzy pri riadení efektívnosti rastlinnej výroby poľnohospodárskeho podniku. | ||
| 610 | 2 | 0 | |a výroba rastlinná |
| 610 | 2 | 0 | |a analýza nákladov |
| 610 | 2 | 0 | |a náklady |
| 610 | 2 | 0 | |a efektívnosť ekonomická |
| 610 | 2 | 0 | |a konkurencieschopnosť |
| 610 | 2 | 0 | |a podnik poľnohospodársky |
| 100 | 1 | |a Teplická, Katarína | |